000 00418 a2200109 4500
001 ART_45181
005 20260410162040.0
008 260409a
245 1 0 _aSubsidios en la concesión de obra pública, la aplicación del principio de la realidad económica y la inmunidad de los instrumentos de gobierno
100 1 _aSpisso, Rodolfo Roque
773 0 _tImpuestos
_g- N° 19 (ene. 2018)
_wREV45175
999 _c34795
_d34795